000 01547nam a2200289Ia 4500
999 _c52367
_d52367
001 19387
003 GE_BSU
005 20200313194403.0
008 181216s1982||||ge |||||||||||||| ||geo||
040 _cGE_BSU
041 _ageo
080 _a81'1(075.8) კ 65
100 _aკოდუხოვი, ვ.
_97723
245 _aზოგადი ენათმეცნიერება :
_bსახელმძღვანელო /
_cვ. კოდუხოვი ; რედ. ალ. ღლონტი ; თარგმნა რუბენ ენუქაშვილმა.
264 _aთბილისი :
_bგანათლება,
_c1982.
300 _a384 გვ. ;
_c22 სმ.
504 _aბიბლიოგრაფია თემების ბოლოს
541 _h1ლ.70თ
653 _aენათმეცნიერება
653 _aზოგადი ენათმეცნიერება
653 _aლინგვისტიკა
653 _aსახელმძღვანელო უნივერსიტეტებისა და პედაგოგიური ინსტიტუტების ფილოლოგიის სპეციალობებისათვის
653 _aქართული ფილოლოგია
700 _aღლონტი, ალ.
_eრედაქტორი
_91038
700 _a ენუქაშვილი, რუბენ
_eმთარგმნელი
_97724
942 _cBK
_2udc